000 00666nam a2200193Ii 4500
003 JO-AjNU
008 230605s9999||||xx |||||||||||||| ||und||
040 _aJO-AjNU
_bara
_erda
_cJO-AjNU
041 _aara
050 1 4 _aPJ7692.E8.C45 1900
100 3 _aتأليف كريستي،أجاتا ؛ تعريب عمر عبد العزيز أمين,
_eauthor
_917776
245 0 0 _aخاتمة المأساة
264 3 1 _aبيروت:المكتبة الثقافية،1900
300 _a150ص
336 _atext
_btxt
_2rdacontent
337 _aunmediated
_bn
_2rdamedia
338 _avolume
_bnc
_2rdacarrier
650 4 _aقصص مترجمة - خاتمة المأساة
_917777
999 _aA5563
_c9131
_d9131